[Event "CYCC U10"]
[Site "Sault Ste Marie CAN"]
[Date "2017.07.07"]
[Round "3"]
[White "Yuen, Noah"]
[Black "Wang, Yinan"]
[Result "1-0"]
[WhiteElo "1218"]
[BlackElo "952"]
[WhiteFideId "-1"]
[WhiteFideId "-1"]
[PlyCount "49"]
[GameId "2160767908344576"]
[EventDate "2017.07.06"]
[EventType "swiss"]
[EventRounds "7"]
[EventCountry "CAN"]
[SourceTitle "EXT 2022"]
[Source "ChessBase"]
[SourceDate "2021.10.06"]
[SourceVersion "1"]
[SourceVersionDate "2021.10.06"]
[SourceQuality "1"]

1. d4 d5 2. c4 c6 3. e3 Nf6 4. Nc3 Be6 5. cxd5 Nxd5 6. Nf3 Nxc3 7. bxc3 Bf5 8. Bd3 Bxd3 9. Qxd3 c5 10. O-O Nc6 11. d5 e6 12. e4 exd5 13. exd5 Ne7 14. Re1 g6 15. d6 Rc8 16. Qb5+ Qd7 17. Qxd7+ Kxd7 18. dxe7 Bxe7 19. Bf4 Bf6 20. Rad1+ Kc6 21. Rd6+ Kb5 22. Rxf6 Rhe8 23. g3 Rxe1+ 24. Nxe1 Re8 25. Nf3 1-0

[Event "CYCC U10"]
[Site "Sault Ste Marie CAN"]
[Date "2017.07.07"]
[Round "3"]
[White "Zhao, Jeffrey Renfei"]
[Black "Ghazarian, Tigran"]
[Result "1/2-1/2"]
[WhiteElo "1520"]
[BlackElo "1825"]
[WhiteFideId "-1"]
[WhiteFideId "-1"]
[PlyCount "57"]
[GameId "2160767908344578"]
[EventDate "2017.07.06"]
[EventType "swiss"]
[EventRounds "7"]
[EventCountry "CAN"]
[SourceTitle "EXT 2022"]
[Source "ChessBase"]
[SourceDate "2021.10.06"]
[SourceVersion "1"]
[SourceVersionDate "2021.10.06"]
[SourceQuality "1"]

1. e4 c5 2. Nf3 Nc6 3. Bb5 g6 4. O-O Bg7 5. Bxc6 dxc6 6. d3 e5 7. Be3 Qe7 8. Nbd2 Nf6 9. Bg5 h6 10. Bh4 Qc7 11. Nc4 Nd7 12. Bg3 O-O 13. c3 b6 14. d4 Ba6 15. Ncxe5 Nxe5 16. Nxe5 Bxe5 17. Bxe5 Qd7 18. Re1 f6 19. Bf4 g5 20. Be3 cxd4 21. cxd4 Bc4 22. h4 Kg7 23. Rc1 Be6 24. Qc2 Rac8 25. hxg5 hxg5 26. Qa4 Qf7 27. b3 Rh8 28. f3 g4 29. Kf2 1/2-1/2

[Event "CYCC U10"]
[Site "Sault Ste Marie CAN"]
[Date "2017.07.07"]
[Round "4"]
[White "Beliveau, Mathieu"]
[Black "Ning, Eric"]
[Result "0-1"]
[WhiteElo "1097"]
[BlackElo "1922"]
[WhiteFideId "-1"]
[WhiteFideId "-1"]
[PlyCount "48"]
[GameId "2160767908344582"]
[EventDate "2017.07.06"]
[EventType "swiss"]
[EventRounds "7"]
[EventCountry "CAN"]
[SourceTitle "EXT 2022"]
[Source "ChessBase"]
[SourceDate "2021.10.06"]
[SourceVersion "1"]
[SourceVersionDate "2021.10.06"]
[SourceQuality "1"]

1. d4 Nf6 2. Nf3 g6 3. c4 Bg7 4. Nc3 d5 5. e3 O-O 6. Bd3 c5 7. cxd5 cxd4 8. Nxd4 Nxd5 9. Nxd5 Qxd5 10. Be2 Qxg2 11. Bf3 Qg5 12. Qb3 Nd7 13. Bxb7 Rb8 14. h4 Qf6 15. Qd5 Bxb7 16. Qa5 Bxh1 17. Qxa7 Rb7 18. Qa5 Ne5 19. f4 Qxh4+ 20. Ke2 Qh2+ 21. Kd1 Nc4 22. Qc3 Nxb2+ 23. Bxb2 Rxb2 24. Nc2 Bxc3 0-1

[Event "CYCC U10"]
[Site "Sault Ste Marie CAN"]
[Date "2017.07.07"]
[Round "4"]
[White "Brunet, Alexandre"]
[Black "Bitar, Cammeron"]
[Result "1-0"]
[WhiteElo "356"]
[BlackElo "1063"]
[WhiteFideId "-1"]
[WhiteFideId "-1"]
[PlyCount "107"]
[GameId "2160767908344583"]
[EventDate "2017.07.06"]
[EventType "swiss"]
[EventRounds "7"]
[EventCountry "CAN"]
[SourceTitle "EXT 2022"]
[Source "ChessBase"]
[SourceDate "2021.10.06"]
[SourceVersion "1"]
[SourceVersionDate "2021.10.06"]
[SourceQuality "1"]

1. d4 d5 2. e3 Nf6 3. Bd3 Nc6 4. Nf3 e6 5. Ne5 Bd6 6. Nxc6 bxc6 7. Nc3 c5 8. Bb5+ c6 9. Ba4 Qc7 10. Qe2 Bxh2 11. dxc5 Be5 12. Bb5 Qa5 13. Bxc6+ Bd7 14. Bxa8 Bxc3+ 15. bxc3 Qxc3+ 16. Qd2 Qxa1 17. O-O Qxa2 18. Qb4 O-O 19. Qc3 Rxa8 20. f4 Ne4 21. Qe5 Qxc2 22. Rf3 Qxc1+ 23. Kh2 f6 24. Qh5 Ng5 25. fxg5 Be8 26. Qh4 Qxc5 27. Rh3 Bg6 28. Qg4 f5 29. Qa4 Qd6+ 30. g3 a5 31. Qb5 Be8 32. Qb7 Rb8 33. Qa7 Qe5 34. Kg2 a4 35. Rh1 Rb2+ 36. Kh3 Qxe3 37. Qxe3 Bh5 38. Qxe6+ Kf8 39. Qxf5+ Ke8 40. Qxh7 g6 41. g4 Rb3+ 42. Kg2 Bxg4 43. Qa7 Rb2+ 44. Kg3 Bh5 45. Re1+ Be2 46. Rh1 Bh5 47. Rc1 Rb3+ 48. Kf4 Rb4+ 49. Ke5 Re4+ 50. Kxd5 Re7 51. Rc7 Bf3+ 52. Kd6 Rxc7 53. Qxc7 a3 54. Qe7# 1-0

[Event "CYCC U10"]
[Site "Sault Ste Marie CAN"]
[Date "2017.07.07"]
[Round "4"]
[White "Chen, Andrew2"]
[Black "Hodgson, Trent"]
[Result "1-0"]
[WhiteElo "1009"]
[BlackElo "682"]
[WhiteFideId "-1"]
[WhiteFideId "-1"]
[PlyCount "99"]
[GameId "2160767908344584"]
[EventDate "2017.07.06"]
[EventType "swiss"]
[EventRounds "7"]
[EventCountry "CAN"]
[SourceTitle "EXT 2022"]
[Source "ChessBase"]
[SourceDate "2021.10.06"]
[SourceVersion "1"]
[SourceVersionDate "2021.10.06"]
[SourceQuality "1"]

1. e4 e5 2. Nf3 Nc6 3. d4 exd4 4. Nxd4 Nxd4 5. Qxd4 Nf6 6. Bg5 h6 7. Bf4 d6 8. Nc3 Be6 9. Be2 c5 10. Qd3 Qb6 11. Rb1 Be7 12. O-O O-O 13. Qg3 Nh5 14. Bxh5 Kh7 15. e5 Bc4 16. Rfe1 g5 17. Be3 dxe5 18. Qxe5 f6 19. Qxe7+ Kg8 20. Bg6 Bf7 21. Bxf7+ Rxf7 22. Qxc5 Qxc5 23. Bxc5 Rc7 24. Bd4 Rd7 25. Bxf6 Rf8 26. Be5 Re8 27. Bg3 Rxe1+ 28. Rxe1 b5 29. Nxb5 a6 30. Nd6 Rc7 31. Re8+ Kg7 32. Nf5+ Kf6 33. Bxc7 h5 34. Rf8+ Ke6 35. Rd8 h4 36. c4 g4 37. c5 g3 38. Bxg3 hxg3 39. c6 gxf2+ 40. Kxf2 Kxf5 41. c7 Ke4 42. c8=Q a5 43. Qc4+ Kf5 44. Rd5+ Ke6 45. Rh5+ Kd6 46. Rg5 a4 47. Rg6+ Ke7 48. Rg7+ Kf8 49. Ra7 Ke8 50. Qc8# 1-0

[Event "CYCC U10"]
[Site "Sault Ste Marie CAN"]
[Date "2017.07.07"]
[Round "4"]
[White "Ghazarian, Tigran"]
[Black "Ripley, Noah"]
[Result "1-0"]
[WhiteElo "1825"]
[BlackElo "814"]
[WhiteFideId "-1"]
[WhiteFideId "-1"]
[PlyCount "67"]
[GameId "2160767908344586"]
[EventDate "2017.07.06"]
[EventType "swiss"]
[EventRounds "7"]
[EventCountry "CAN"]
[SourceTitle "EXT 2022"]
[Source "ChessBase"]
[SourceDate "2021.10.06"]
[SourceVersion "1"]
[SourceVersionDate "2021.10.06"]
[SourceQuality "1"]

1. e4 e5 2. Nf3 Nc6 3. d4 exd4 4. Nxd4 Nxd4 5. Qxd4 Nf6 6. Nc3 b6 7. e5 Bc5 8. Qf4 Qe7 9. Be2 Ng8 10. Nd5 Qd8 11. e6 fxe6 12. Nxc7+ Ke7 13. Nxa8 Bb7 14. Qg5+ Ke8 15. Qxg7 Qf6 16. Qxf6 Nxf6 17. Nc7+ Kd8 18. Na6 Bxg2 19. Rg1 Be4 20. Nxc5 bxc5 21. Bg5 Ke7 22. O-O-O h6 23. Bxf6+ Kxf6 24. Rxd7 a5 25. Ra7 a4 26. Rxa4 Bd5 27. Rag4 Bxa2 28. b3 Rb8 29. Kb2 Bxb3 30. cxb3 Ke5 31. Rg6 Rh8 32. Bc4 Rf8 33. Rxe6+ Kd4 34. Rd1# 1-0

[Event "CYCC U10"]
[Site "Sault Ste Marie CAN"]
[Date "2017.07.07"]
[Round "4"]
[White "He, Shukun"]
[Black "Chen, Derek1"]
[Result "0-1"]
[WhiteElo "812"]
[BlackElo "1336"]
[WhiteFideId "-1"]
[WhiteFideId "-1"]
[PlyCount "58"]
[GameId "2160767908344587"]
[EventDate "2017.07.06"]
[EventType "swiss"]
[EventRounds "7"]
[EventCountry "CAN"]
[SourceTitle "EXT 2022"]
[Source "ChessBase"]
[SourceDate "2021.10.06"]
[SourceVersion "1"]
[SourceVersionDate "2021.10.06"]
[SourceQuality "1"]

1. e4 c5 2. Nf3 e6 3. Bc4 d5 4. exd5 exd5 5. Bb5+ Bd7 6. Bxd7+ Nxd7 7. O-O Ngf6 8. d4 Bd6 9. Re1+ Be7 10. Qe2 cxd4 11. Nxd4 Nc5 12. Nc3 Qd7 13. Bg5 Ng8 14. Bxe7 Nxe7 15. Nf5 Ne6 16. Nxe7 Kxe7 17. Rad1 d4 18. Nb5 Kf8 19. c3 Re8 20. cxd4 Nc7 21. Qd3 Qxb5 22. Qxb5 Nxb5 23. Rxe8+ Kxe8 24. a4 Nd6 25. f3 Kd7 26. Kf2 Rc8 27. Rd2 Ke6 28. g4 Kd5 29. Ke3 Nc4+ 0-1

[Event "CYCC U10"]
[Site "Sault Ste Marie CAN"]
[Date "2017.07.07"]
[Round "4"]
[White "Huang, Youhe"]
[Black "Zhang, Jonathan"]
[Result "1-0"]
[WhiteElo "1448"]
[BlackElo "1278"]
[WhiteFideId "-1"]
[WhiteFideId "-1"]
[PlyCount "45"]
[GameId "2160767908344588"]
[EventDate "2017.07.06"]
[EventType "swiss"]
[EventRounds "7"]
[EventCountry "CAN"]
[SourceTitle "EXT 2022"]
[Source "ChessBase"]
[SourceDate "2021.10.06"]
[SourceVersion "1"]
[SourceVersionDate "2021.10.06"]
[SourceQuality "1"]

1. e4 e6 2. d4 d5 3. Nc3 Nf6 4. e5 Nfd7 5. Bd3 c5 6. Be3 Nc6 7. Bb5 Qb6 8. Bxc6 bxc6 9. f4 Qxb2 10. Nge2 cxd4 11. Bxd4 c5 12. Rb1 Qa3 13. Nb5 Qa5+ 14. Bc3 Qd8 15. Qd2 Be7 16. O-O Bb7 17. f5 d4 18. Ba5 Nb6 19. fxe6 fxe6 20. Qf4 Rf8 21. Qg4 Qd7 22. Qxg7 Ba6 23. Nc7+ 1-0

[Event "CYCC U10"]
[Site "Sault Ste Marie CAN"]
[Date "2017.07.07"]
[Round "4"]
[White "Latorre, Vincent"]
[Black "Wu, Stanley"]
[Result "0-1"]
[WhiteElo "1200"]
[BlackElo "928"]
[WhiteFideId "-1"]
[WhiteFideId "-1"]
[PlyCount "86"]
[GameId "2160767908344589"]
[EventDate "2017.07.06"]
[EventType "swiss"]
[EventRounds "7"]
[EventCountry "CAN"]
[SourceTitle "EXT 2022"]
[Source "ChessBase"]
[SourceDate "2021.10.06"]
[SourceVersion "1"]
[SourceVersionDate "2021.10.06"]
[SourceQuality "1"]

1. e4 c5 2. Nf3 Nc6 3. d4 cxd4 4. Nxd4 Nf6 5. Nc3 e5 6. Nf3 Bb4 7. Bg5 h6 8. Bd2 O-O 9. Bc4 Bxc3 10. Bxc3 d6 11. Qd3 Be6 12. O-O-O Bxc4 13. Qxc4 Qe7 14. Rhg1 Rad8 15. g4 Qe6 16. Qxe6 fxe6 17. Rde1 Nxg4 18. Rxg4 Rxf3 19. Rf1 Rf4 20. Rxf4 exf4 21. Rg1 e5 22. f3 Kf7 23. b4 a6 24. a4 b5 25. a5 Rc8 26. Kd2 g5 27. h3 Kf6 28. Rg4 Rd8 29. h4 Kg6 30. hxg5 hxg5 31. Kd3 Kf6 32. Ke2 d5 33. exd5 Rxd5 34. Rg1 Nd4+ 35. Bxd4 Rxd4 36. c3 Rc4 37. Kd3 Kf5 38. Re1 Rc6 39. Re2 Re6 40. c4 bxc4+ 41. Kxc4 e4 42. fxe4+ Rxe4+ 43. Rxe4 Kxe4 0-1

[Event "CYCC U10"]
[Site "Sault Ste Marie CAN"]
[Date "2017.07.07"]
[Round "4"]
[White "Li, Neal Nian"]
[Black "Wang, Andrew1"]
[Result "0-1"]
[WhiteElo "565"]
[BlackElo "1196"]
[WhiteFideId "-1"]
[WhiteFideId "-1"]
[PlyCount "86"]
[GameId "2160767908344590"]
[EventDate "2017.07.06"]
[EventType "swiss"]
[EventRounds "7"]
[EventCountry "CAN"]
[SourceTitle "EXT 2022"]
[Source "ChessBase"]
[SourceDate "2021.10.06"]
[SourceVersion "1"]
[SourceVersionDate "2021.10.06"]
[SourceQuality "1"]

1. e4 e5 2. Nf3 Nf6 3. Nc3 Nc6 4. d4 Bb4 5. dxe5 Nxe4 6. Bd2 Nxd2 7. Qxd2 O-O 8. O-O-O Re8 9. Re1 a5 10. Bd3 Ne7 11. a3 Bxc3 12. Qxc3 c6 13. Qd4 b5 14. Qe4 g6 15. Ng5 Nf5 16. Qf4 h6 17. Nf3 b4 18. Bxf5 g5 19. Qc4 bxa3 20. Bg6 axb2+ 21. Kd2 Qe7 22. Bf5 a4 23. Qg4 a3 24. Qh3 Qf8 25. Nxg5 a2 26. Qg3 Qg7 27. Bh7+ Kh8 28. c3 Qxg5+ 29. f4 Qxg3 30. hxg3 Kxh7 31. Kc2 a1=Q 32. g4 Ra2 33. Kb3 d6 34. g3 c5 35. c4 Ra3+ 36. Kc2 Qa2 37. Rxh6+ Kxh6 38. Rh1+ Kg7 39. Rb1 Qb3+ 40. Kd2 Qd3+ 41. Ke1 Qxb1+ 42. Ke2 Qc2+ 43. Ke1 b1=Q# 0-1

[Event "CYCC U10"]
[Site "Sault Ste Marie CAN"]
[Date "2017.07.07"]
[Round "4"]
[White "Liu, Henry"]
[Black "Zhao, Jeffrey Renfei"]
[Result "0-1"]
[WhiteElo "1547"]
[BlackElo "1520"]
[WhiteFideId "-1"]
[WhiteFideId "-1"]
[PlyCount "48"]
[GameId "2160767908344592"]
[EventDate "2017.07.06"]
[EventType "swiss"]
[EventRounds "7"]
[EventCountry "CAN"]
[SourceTitle "EXT 2022"]
[Source "ChessBase"]
[SourceDate "2021.10.06"]
[SourceVersion "1"]
[SourceVersionDate "2021.10.06"]
[SourceQuality "1"]

1. c4 Nf6 2. g3 g6 3. Nc3 Bg7 4. Bg2 O-O 5. Nf3 d6 6. O-O e5 7. d3 Nc6 8. a3 Nh5 9. Rb1 f5 10. e3 Be6 11. Qc2 Qd7 12. Ng5 Kh8 13. Nxe6 Qxe6 14. b4 f4 15. Nd5 f3 16. Nxc7 Qg4 17. Bxf3 Rxf3 18. Nxa8 Qh3 19. Qd1 e4 20. d4 Nf6 21. Qd2 Ng4 22. Re1 Qxh2+ 23. Kf1 Rxf2+ 24. Qxf2 Qxf2# 0-1

[Event "CYCC U10"]
[Site "Sault Ste Marie CAN"]
[Date "2017.07.07"]
[Round "4"]
[White "Milardovic, Ivan"]
[Black "Vo, Peter"]
[Result "0-1"]
[WhiteElo "639"]
[BlackElo "1362"]
[WhiteFideId "-1"]
[WhiteFideId "-1"]
[PlyCount "78"]
[GameId "2160767908344593"]
[EventDate "2017.07.06"]
[EventType "swiss"]
[EventRounds "7"]
[EventCountry "CAN"]
[SourceTitle "EXT 2022"]
[Source "ChessBase"]
[SourceDate "2021.10.06"]
[SourceVersion "1"]
[SourceVersionDate "2021.10.06"]
[SourceQuality "1"]

1. e4 c5 2. Bc4 Nc6 3. Qf3 Ne5 4. Qc3 Nxc4 5. Qxc4 e6 6. b3 d5 7. exd5 exd5 8. Qf1 Nf6 9. Nc3 Bd6 10. Ba3 O-O 11. O-O-O a6 12. Nf3 b5 13. h4 b4 14. Bb2 bxc3 15. dxc3 Bf4+ 16. Kb1 a5 17. c4 d4 18. Ne5 Bxe5 19. f4 Bd6 20. g4 Bxg4 21. Re1 Rb8 22. Rc1 Qb6 23. Rg1 a4 24. Rg3 Ne4 25. Rd3 axb3 26. cxb3 Qa5 27. Re1 Nd2+ 28. Rxd2 Qxd2 29. Bc1 Qa5 30. Bb2 Ra8 31. Qg2 Qxe1+ 32. Bc1 Qe2 33. Qxe2 Bxe2 34. a3 Rfb8 35. b4 cxb4 36. axb4 Rxb4+ 37. Bb2 Rab8 38. Kc1 Bxf4+ 39. Kc2 Rxb2# 0-1

[Event "CYCC U10"]
[Site "Sault Ste Marie CAN"]
[Date "2017.07.07"]
[Round "4"]
[White "Qiu, James"]
[Black "Gao, William"]
[Result "0-1"]
[WhiteElo "1152"]
[BlackElo "1313"]
[WhiteFideId "-1"]
[WhiteFideId "-1"]
[PlyCount "39"]
[GameId "2160767908344595"]
[EventDate "2017.07.06"]
[EventType "swiss"]
[EventRounds "7"]
[EventCountry "CAN"]
[SourceTitle "EXT 2022"]
[Source "ChessBase"]
[SourceDate "2021.10.06"]
[SourceVersion "1"]
[SourceVersionDate "2021.10.06"]
[SourceQuality "1"]

1. e4 e5 2. Nf3 Nc6 3. Bc4 Nf6 4. Nc3 Nxe4 5. Nxe4 d5 6. Bb5 dxe4 7. Nxe5 Bd7 8. Nxd7 Qxd7 9. O-O O-O-O 10. Re1 Re8 11. Qe2 a6 12. Bc4 Nd4 13. Qd1 Bc5 14. c3 Nf3+ 15. gxf3 Qh3 16. fxe4 Bd6 17. Qf3 Bxh2+ 18. Kh1 Bg3+ 19. Kg1 Qh2+ 20. Kf1 0-1

[Event "CYCC U10"]
[Site "Sault Ste Marie CAN"]
[Date "2017.07.07"]
[Round "4"]
[White "Srinivas, Atharva"]
[Black "Yuen, Noah"]
[Result "1-0"]
[WhiteElo "1383"]
[BlackElo "1218"]
[WhiteFideId "-1"]
[WhiteFideId "-1"]
[PlyCount "98"]
[GameId "2160767908344597"]
[EventDate "2017.07.06"]
[EventType "swiss"]
[EventRounds "7"]
[EventCountry "CAN"]
[SourceTitle "EXT 2022"]
[Source "ChessBase"]
[SourceDate "2021.10.06"]
[SourceVersion "1"]
[SourceVersionDate "2021.10.06"]
[SourceQuality "1"]

1. e4 c5 2. Nc3 e6 3. f4 Nc6 4. Bb5 Be7 5. Bxc6 bxc6 6. Nf3 d5 7. d3 Bb7 8. O-O d4 9. Ne2 Nf6 10. Ng3 Qc7 11. c3 Rd8 12. Qc2 Ba6 13. c4 O-O 14. f5 e5 15. b3 h6 16. Bd2 Kh7 17. h3 Bd6 18. Kh1 Bc8 19. Ne2 Ne8 20. g4 Qe7 21. Rg1 g6 22. Rg2 g5 23. Rh2 f6 24. h4 Rg8 25. hxg5 fxg5 26. Rg1 Qf6 27. Ng3 Be7 28. Rgg2 Qf8 29. Nxe5 Qf6 30. Rxh6+ Qxh6+ 31. Rh2 Qxh2+ 32. Kxh2 Bb7 33. Qc1 Nf6 34. Nf7 Nxg4+ 35. Kg2 Rdf8 36. Nxg5+ Bxg5 37. Bxg5 Rxg5 38. Qxg5 Ne3+ 39. Kf3 Rg8 40. Qe7+ Rg7 41. f6 Rxe7 42. fxe7 Bc8 43. e8=Q Bg4+ 44. Kf4 Ng2+ 45. Kxg4 Ne3+ 46. Kf3 Nxc4 47. bxc4 a5 48. Nf5 a4 49. Qf7+ Kh8 1-0

[Event "CYCC U10"]
[Site "Sault Ste Marie CAN"]
[Date "2017.07.07"]
[Round "4"]
[White "Wang, Daniel1"]
[Black "Sharma, Vishruth"]
[Result "1-0"]
[WhiteElo "1285"]
[BlackElo "1719"]
[WhiteFideId "-1"]
[WhiteFideId "-1"]
[PlyCount "135"]
[GameId "2160767908344598"]
[EventDate "2017.07.06"]
[EventType "swiss"]
[EventRounds "7"]
[EventCountry "CAN"]
[SourceTitle "EXT 2022"]
[Source "ChessBase"]
[SourceDate "2021.10.06"]
[SourceVersion "1"]
[SourceVersionDate "2021.10.06"]
[SourceQuality "1"]

1. e4 c5 2. c3 Nf6 3. e5 Nd5 4. d4 cxd4 5. cxd4 Nc6 6. Nf3 e6 7. Be2 d6 8. O-O dxe5 9. dxe5 Be7 10. Nbd2 O-O 11. Ne4 Qc7 12. Qc2 Nxe5 13. Qxc7 Nxf3+ 14. Bxf3 Nxc7 15. Nc3 Rd8 16. Bf4 Nd5 17. Nxd5 exd5 18. Rad1 Be6 19. Rfe1 Bb4 20. Re3 Rac8 21. Red3 Rc2 22. a3 Be7 23. R3d2 Rxd2 24. Rxd2 Bf6 25. h3 Kf8 26. Kf1 Rd7 27. Ke2 Ke7 28. g4 g5 29. Bg3 d4 30. Be4 Bc4+ 31. Bd3 Bd5 32. Bxh7 Bc6 33. f4 Rd8 34. fxg5 Bxg5 35. Rd1 Ba4 36. Re1 Rh8 37. Kf3+ Kd8 38. Re5 Bc6+ 39. Be4 f6 40. Re6 Rxh3 41. Kg2 Rh8 42. Bxc6 bxc6 43. Rd6+ Kc7 44. Rxd4+ Kb6 45. Rb4+ Ka6 46. Bf2 Ra8 47. Kf3 Bh6 48. Bd4 Ka5 49. Rc4 Kb5 50. Rc5+ Ka4 51. Rxc6 Bg5 52. Ra6+ Kb3 53. Rxa7 Rxa7 54. Bxa7 Kxb2 55. Bc5 Kb3 56. Ke4 Ka4 57. Kf5 Kb5 58. Be7 Bc1 59. Kxf6 Kc6 60. a4 Bb2+ 61. Kf5 Bc1 62. Bg5 Bb2 63. Bf4 Kb6 64. g5 Ka5 65. g6 Bg7 66. Ke6 Kxa4 67. Kf7 Bd4 68. Bg5 1-0

[Event "CYCC U10"]
[Site "Sault Ste Marie CAN"]
[Date "2017.07.07"]
[Round "4"]
[White "Wang, David"]
[Black "Ripley, Sam"]
[Result "1/2-1/2"]
[WhiteElo "1263"]
[BlackElo "876"]
[WhiteFideId "-1"]
[WhiteFideId "-1"]
[PlyCount "100"]
[GameId "2160767908344599"]
[EventDate "2017.07.06"]
[EventType "swiss"]
[EventRounds "7"]
[EventCountry "CAN"]
[SourceTitle "EXT 2022"]
[Source "ChessBase"]
[SourceDate "2021.10.06"]
[SourceVersion "1"]
[SourceVersionDate "2021.10.06"]
[SourceQuality "1"]

1. e4 e5 2. Nf3 Nc6 3. Bc4 Bc5 4. c3 Nf6 5. d3 h6 6. O-O d6 7. Be3 Bb6 8. Nbd2 Ne7 9. Qb3 O-O 10. Bxb6 axb6 11. d4 Ng6 12. dxe5 dxe5 13. Rad1 Bd7 14. Bb5 Bxb5 15. Qxb5 Rxa2 16. Nc4 Qe7 17. Na3 Qc5 18. Qb3 Rxa3 19. Qxa3 Qxa3 20. bxa3 Nxe4 21. Rc1 Re8 22. Rfe1 Nd6 23. g3 Nb5 24. a4 Nd6 25. c4 c6 26. c5 bxc5 27. Rxc5 f6 28. Nd2 Ra8 29. Ne4 Nxe4 30. Rxe4 Ne7 31. f4 Ng6 32. fxe5 fxe5 33. Rb4 Ra7 34. a5 Kf7 35. a6 bxa6 36. Rxc6 Ne7 37. Rc5 Kf6 38. Ra4 Kf5 39. Rca5 Ra8 40. Rxa6 Rxa6 41. Rxa6 e4 42. Kf2 Ke5 43. Ra5+ Kd4 44. Ra4+ Kd3 45. Ra3+ Kd4 46. Ke2 Nd5 47. Ra4+ Ke5 48. Ra7 Kf6 49. Ra6+ Kf7 50. Ra7+ Kf6 1/2-1/2

[Event "CYCC U10"]
[Site "Sault Ste Marie CAN"]
[Date "2017.07.07"]
[Round "4"]
[White "Xie, Austin"]
[Black "Locham, Divjot"]
[Result "0-1"]
[WhiteElo "1348"]
[BlackElo "1119"]
[WhiteFideId "-1"]
[WhiteFideId "-1"]
[PlyCount "84"]
[GameId "2160767908344600"]
[EventDate "2017.07.06"]
[EventType "swiss"]
[EventRounds "7"]
[EventCountry "CAN"]
[SourceTitle "EXT 2022"]
[Source "ChessBase"]
[SourceDate "2021.10.06"]
[SourceVersion "1"]
[SourceVersionDate "2021.10.06"]
[SourceQuality "1"]

1. d4 Nf6 2. c4 e6 3. Nc3 d5 4. e3 Nc6 5. Nf3 Be7 6. Bd3 O-O 7. cxd5 exd5 8. O-O Bg4 9. h3 Bh5 10. Bd2 Re8 11. Be2 Bg6 12. Nh4 Be4 13. Nxe4 Nxe4 14. Nf3 Bf6 15. Bd3 a5 16. Qc2 Rc8 17. Bb5 Re6 18. Qd3 Nb4 19. Bxb4 axb4 20. Nd2 b3 21. Nxe4 Rxe4 22. Qxb3 Re6 23. Bd3 c5 24. Bf5 Rb6 25. Qd3 Ra8 26. b3 h5 27. Qd2 g6 28. Bc2 Rc6 29. a4 Rac8 30. Rac1 cxd4 31. exd4 Qc7 32. Qb4 Rxc2 33. Rxc2 Qxc2 34. Qxb7 Bxd4 35. Qxd5 Bc5 36. Qb7 Re8 37. b4 Qb2 38. Qc6 Bxf2+ 39. Rxf2 Re1+ 40. Rf1 Qd4+ 41. Kh2 Rxf1 42. Qe8+ Kh7 0-1

[Event "CYCC U10"]
[Site "Sault Ste Marie CAN"]
[Date "2017.07.07"]
[Round "4"]
[White "Xu, Daniel"]
[Black "Guipi Bopala, Prince Eric jr"]
[Result "0-1"]
[WhiteElo "1941"]
[BlackElo "1814"]
[WhiteFideId "-1"]
[WhiteFideId "-1"]
[PlyCount "62"]
[GameId "2160767908344601"]
[EventDate "2017.07.06"]
[EventType "swiss"]
[EventRounds "7"]
[EventCountry "CAN"]
[SourceTitle "EXT 2022"]
[Source "ChessBase"]
[SourceDate "2021.10.06"]
[SourceVersion "1"]
[SourceVersionDate "2021.10.06"]
[SourceQuality "1"]

1. e4 e5 2. Nf3 Nc6 3. Bc4 Bc5 4. d3 Nf6 5. O-O O-O 6. Bg5 d6 7. Nbd2 Bg4 8. h3 Bh5 9. g4 Bg6 10. Nh4 Kh8 11. Nf5 Nd4 12. c3 Ne6 13. Bh4 c6 14. b4 Bb6 15. Qf3 Nf4 16. Rae1 Qc7 17. d4 Ne6 18. Nxg7 Nxe4 19. Nxe4 Nxg7 20. d5 f5 21. Nf6 fxg4 22. hxg4 Ne8 23. g5 Nxf6 24. gxf6 Rg8 25. Kh2 Bf7 26. Rg1 a5 27. dxc6 bxc6 28. Bxf7 Qxf7 29. Qxc6 Qh5 30. Rxg8+ Rxg8 31. Qe4 d5 0-1

[Event "CYCC U10"]
[Site "Sault Ste Marie CAN"]
[Date "2017.07.07"]
[Round "4"]
[White "Xu, Xinge"]
[Black "Borysenko, Andrii"]
[Result "0-1"]
[WhiteElo "910"]
[BlackElo "1425"]
[WhiteFideId "-1"]
[WhiteFideId "-1"]
[PlyCount "58"]
[GameId "2160767908344602"]
[EventDate "2017.07.06"]
[EventType "swiss"]
[EventRounds "7"]
[EventCountry "CAN"]
[SourceTitle "EXT 2022"]
[Source "ChessBase"]
[SourceDate "2021.10.06"]
[SourceVersion "1"]
[SourceVersionDate "2021.10.06"]
[SourceQuality "1"]

1. e4 c6 2. d4 d5 3. exd5 cxd5 4. Nc3 Nf6 5. Bg5 Nc6 6. Nf3 Bg4 7. Bxf6 exf6 8. Qe2+ Be7 9. O-O-O O-O 10. h3 Bh5 11. g4 Bg6 12. h4 h6 13. h5 Bh7 14. Bg2 Re8 15. Qd2 Rc8 16. Ne1 Bb4 17. Nd3 Bxc3 18. Qxc3 Na5 19. Qd2 Nc4 20. Qb4 Bxd3 21. Rxd3 Qc7 22. c3 Qf4+ 23. Kb1 Qxf2 24. Bxd5 Re1+ 25. Rxe1 Qxe1+ 26. Kc2 Qe2+ 27. Kb3 Qxb2+ 28. Ka4 Qxa2+ 29. Kb5 Qa6# 0-1

[Event "CYCC U10"]
[Site "Sault Ste Marie CAN"]
[Date "2017.07.07"]
[Round "4"]
[White "Zhong, Kevin"]
[Black "Chen, Max"]
[Result "1/2-1/2"]
[WhiteElo "1810"]
[BlackElo "1974"]
[WhiteFideId "-1"]
[WhiteFideId "-1"]
[PlyCount "71"]
[GameId "2160767908344603"]
[EventDate "2017.07.06"]
[EventType "swiss"]
[EventRounds "7"]
[EventCountry "CAN"]
[SourceTitle "EXT 2022"]
[Source "ChessBase"]
[SourceDate "2021.10.06"]
[SourceVersion "1"]
[SourceVersionDate "2021.10.06"]
[SourceQuality "1"]

1. e4 c5 2. Ne2 Nc6 3. Nbc3 a6 4. g3 g6 5. Bg2 Bg7 6. O-O d6 7. d3 e6 8. Be3 Nge7 9. d4 cxd4 10. Nxd4 O-O 11. Qd2 Qc7 12. Rad1 Rd8 13. Nxc6 bxc6 14. Na4 Rb8 15. f4 a5 16. Qf2 Ba6 17. Bb6 Rxb6 18. Qxb6 Qxb6+ 19. Nxb6 Bxf1 20. Kxf1 d5 21. b3 Rb8 22. Na4 Kf8 23. Ke2 Ke8 24. h3 h5 25. h4 Nc8 26. Nc5 Bf8 27. Nd3 Nd6 28. Nf2 Nb5 29. Rd3 Bb4 30. Nd1 Nd6 31. Nf2 Nb5 32. Nd1 Nd6 33. Nf2 Nb5 34. Nd1 Nd6 35. Nf2 Nb5 36. Nd1 1/2-1/2